000 00727nam a2200277 i 4500
003 DO-SdBNP
005 20240708114029.0
007 ta
008 240708s1997 dr 001 0 spa d
040 _aDO-SdBNP
_bspa
_cBNPHU
_erda
082 _bC157
_222
100 _985936
245 1 0 _aEl callejero de Santo Domingo :
_bguía urbana
264 1 _aSanto Domingo :
_bTriunfo,
_c1997.
300 _a200 páginas ;
_c20 cm.
336 _2rdacontent
_atexto
_btxt
337 _2rdamedia
_asin mediación
_bn
338 _2rdacarrier
_avolumen
_bnc
500 _aGuia en español-inglés
590 _aInventariado, 2024/ DG
650 _985937
700 _985934
710 _985912
910 _aDG
942 _2ddc
_cLBS1
999 _c57203
_d57203